000 00647nam a22001935i 4500
001 158824
003 ES-MaACL
005 20230906211329.0
008 040907s1865 gw |||| | eng d
040 _aCAM
_bspa
_cCAM
100 1 _aMarryat, Florence.
_9129539
245 1 0 _aLove's conflict /
_cby Florence Marryat.
260 _aLeipzig :
_bBernhard Tauchnitz,
_c1865.
300 _a2 v. (VIII, 372; VI, 341 p.) ;
_c16 cm.
490 1 _aCollection of British Authors ;
_v790; 791
830 0 _aCollection of British Authors ;
_v790; 791
_9180703
852 _aES-MaACL
_jG-11788
_z-- Enc. hol.
_z-- Enc. 2 t. en 1 v.
999 _c158824
_d158824